| 000 | 005540000a22002290004500 | ||
|---|---|---|---|
| 003 | LK-CoMWRAF | ||
| 008 | 230817t ||||| |||| 00| 0 eng d | ||
| 020 | _a0552139289 | ||
| 040 |
_aLK-CoMWRAF _dLK-CoMWRAF _eLK-CoMWRAF |
||
| 041 | _aeng | ||
| 082 |
_a910 _bFAR |
||
| 100 | _aFarmaian, Sattareh Farman | ||
| 245 |
_aDaughter of Persia _b |
||
| 260 |
_bCorgi Books _aLondon _c1992 |
||
| 300 | _ap.541 | ||
| 650 | _aBiography | ||
| 650 | _aEarthquake | ||
| 650 | _aIn Shazdeh's Realm | ||
| 650 | _aKhanom | ||
| 650 | _aYengeh Donya | ||
| 942 | _cBK | ||
| 999 |
_c1726 _d1726 |
||